| 000 | 00507nam a2200181Ia 4500 | ||
|---|---|---|---|
| 008 | 151018s9999 xx 000 0 und d | ||
| 082 |
_bRBASDV43666 _a891.463 |
||
| 100 | _aशिरीष पै | ||
| 245 | _aप्रेम कहाणी | ||
| 250 | _b1 | ||
| 260 |
_bपारस _c2006 |
||
| 300 | _a328 | ||
| 600 | _aशिरीष पै | ||
| 630 | _aप्रेम कहाणी | ||
| 700 | _aशिरीष पै | ||
| 730 | _aप्रेम कहाणी | ||
| 942 | _cBOOK | ||
| 999 |
_c1042879 _d1042876 |
||